Culture Générale - Série 793 - Statistiques

Statistiques générales
  • Ce quiz a été pris 138 fois
  • Le résultat moyen est 7 sur 10
Statistiques - réponses
Question Réponse % Correct
A quel animal fait référence l'abréviation familière "pap", quand on parle d'un noeud ? papillon
98%
Quelle mégalopole américaine est desservie par les aéroports La Guardia, JFK Airport et Newark ? New York
93%
Quel mot composé anglais, signifiant "vacher", désigne un gardien de troupeaux de bovins dans les ranchs de l'ouest des États-Unis ? cow-boy
92%
Quel nom désigne une confiserie formée d'une amande enrobée de sucre durci, traditionnellement offerte à l'occasion d'un baptême ? dragée
92%
En 1965, quelle "reine de la nuit" chante "Les P'tits Papiers" ? Régine
67%
Comment appelle-t-on les habitants de la ville de Tunis ? Tunisois
62%
D'après le titre d'un de ses recueils de poésie, où Arthur Rimbaud a-t-il passé "Une saison" ? en enfer
58%
Dans quelle série d'animation américaine, suit-on les aventures de Cartman, Kyle, Stan et Kenny ? South Park
56%
Quel chanteur, reconnu grâce au "Roi Soleil", a sorti l'album "On trace la route", en 2010 Christophe Maé
49%
Quelle physicienne, fille de Pierre et de Marie Curie, a reçu le prix Nobel de Chimie en 1935 ? Irène Joliot-Curie
31%
Aucun quiz correspondant
Distribution des résultats
% des personnes avec chaque résultat
Percentile par nombre de réponses
Votre historique - résultats
Vous n’avez pas pris ce quiz